20 Centuries of great preaching: (Record no. 1876)

000 -LEADER
fixed length control field 00729nam a2200205 a 4500
001 - CONTROL NUMBER
control field :::00018142$&:&@@
003 - CONTROL NUMBER IDENTIFIER
control field OkBaRHE
005 - DATE AND TIME OF LATEST TRANSACTION
control field 20110518144552.0
008 - FIXED-LENGTH DATA ELEMENTS--GENERAL INFORMATION
fixed length control field s1971 j 000 0 eng u
040 ## - CATALOGING SOURCE
Transcribing agency
100 1# - MAIN ENTRY--PERSONAL NAME
Personal name Fant, Clyde E.,
245 10 - TITLE STATEMENT
Title 20 Centuries of great preaching:
Remainder of title an encyclopedia of preaching; vol. 41.
Statement of responsibility, etc Donald E. Hammer, research associate.
260 ## - PUBLICATION, DISTRIBUTION, ETC. (IMPRINT)
Place of publication, distribution, etc Waco, TX., :
Name of publisher, distributor, etc Word Books
Date of publication, distribution, etc 1971
300 ## - PHYSICAL DESCRIPTION
Extent v. (1-13) : illus. ;
Dimensions 24 cm.
650 ## - SUBJECT ADDED ENTRY--TOPICAL TERM
Topical term or geographic name as entry element Preaching
General subdivision History
650 ## - SUBJECT ADDED ENTRY--TOPICAL TERM
Topical term or geographic name as entry element Sermons
700 ## - ADDED ENTRY--PERSONAL NAME
Personal name Pinson, William M., Joint comp.
942 ## - ADDED ENTRY ELEMENTS (KOHA)
Source of classification or shelving scheme
Koha item type Books
Copies
Collection code Koha item type Permanent Location Full call number Price effective from Copy number Barcode Date last seen Damaged status Source of classification or shelving scheme Lost status Date acquired Shelving location Not for loan Withdrawn status
ReferenceBooksRHEMA Bible Training CollegeBV 4241 .F34 V.42010-04-141181422011-05-18   2010-04-14General Stacks